Selena Gomez - Chansons de l'album Revelación - Statistiques

Statistiques générales
  • Ce quiz a été pris 9 fois
  • Le résultat moyen est 4 sur 7
Statistiques - réponses
Hint Réponse % Correct
Album Adiós
100%
Album Baila Conmigo
86%
Album De Una Vez
86%
Album Selfish Love
57%
Album Vicio
57%
Album Buscando Amor
29%
Album Dámela To'
29%
Aucun quiz correspondant
Distribution des résultats
% des personnes avec chaque résultat
Percentile par nombre de réponses
Votre historique - résultats
Vous n’avez pas pris ce quiz